| 000 | 02103nam a22002777a 4500 | ||
|---|---|---|---|
| 005 | 20240305165451.0 | ||
| 007 | cr|||| |||| | ||
| 008 | 170709s2016 mx |||||s||||f00||0 spa d | ||
| 035 | _a20416 | ||
| 040 | _avLex | ||
| 090 |
_c6812 _d6812 |
||
| 245 | 0 | 0 |
_aEscenarios y actores en el medio rural _h[Recurso electrónico] / |
| 256 | _aServicio en línea | ||
| 260 |
_aCiudad de México: _bCámara de Diputados, _c2016 |
||
| 300 | _a1 recurso electrónico | ||
| 500 | _aEl CEDRSSA cumpliendo con el propósito de sumar esfuerzos logró congregar a consultores con gran experiencia profesional y a investigadores de la Universidad Autónoma Chapingo para realizar cinco estudios que tienen que ver con la problemática del campo y/o mandatos de la Ley de Desarrollo Rural Sustentable y un seguimiento a la demanda de los actores rurales. Dichos textos se presentan compilados en el presente libro bajo el título Escenarios y actores en el medio rural, el cual forma parte de la colección Estudios e Investigaciones. Los lectores encontrarán en estas páginas diagnósticos críticos y fundamentados acerca de los cambios económicos, culturales y ambientales, principalmente, que se han producido en el campo mexicano en las últimas décadas, lo que ha obligado a crear conceptos y a examinar con mayor detenimiento la nueva condición de los pobladores rurales y sus perspectivas de mejoramiento. | ||
| 506 | 1 |
_aDisponible solo en los productos indicados _dvLex Global _dvLex Global (Academic Edition, excluding Law Schools) _dvLex Global (U.S. Academic Edition, Law Schools) _dvLex Global (U.S. Academic Edition, excluding Law Schools) _dvLex Global (Academic Edition, Law Schools) |
|
| 650 | 0 | 4 |
_aDerecho Civil _zMéxico |
| 650 | 0 | 4 |
_aDerecho Laboral y Seguridad Social _zMéxico |
| 650 | 0 | 4 |
_aDerecho Público y Administrativo _zMéxico |
| 650 | 0 | 4 |
_aDerecho del Medio Ambiente _zMéxico |
| 650 | 0 | 4 |
_aDerecho Constitucional _zMéxico |
| 740 | 0 | _avLex Libros (Servicio en línea) | |
| 856 | 4 | 0 | _uhttps://app.vlex.com/#/sources/escenarios-y-actores-en-el-medio-rural-20416 |
| 942 | _cRAA | ||
| 999 |
_c165059 _d165059 |
||